| 000 | 00540nam a2200181 a 4500 | ||
|---|---|---|---|
| 005 | 20140412111220.0 | ||
| 008 | 010402s19uu xx 00 eng d | ||
| 020 | _a0-7214-0593-2 | ||
| 050 |
_aER _bSn1 1979 |
||
| 100 | _aSouthgate, Vera | ||
| 245 |
_aSnow White and the rose red / _cby Ver Southgate ; illustrated by Brian Price Thomas. |
||
| 260 |
_aLeicestershire, UK : _bLadybird Books Ltd, _c1979. |
||
| 300 | _a51p. ; ill. | ||
| 440 | _aWell-Love Tales | ||
| 650 | _aFolk Tales | ||
| 650 | _aChildren's stories | ||
| 999 |
_c101898 _d101898 |
||